[Event "GER-ch U12"]
[Site "Willingen"]
[Date "2023.06.01"]
[Round "7"]
[White "Vartanian, Roman"]
[Black "Nemitz, Alfred"]
[Result "0-1"]
[WhiteElo "1619"]
[BlackElo "2079"]
[PlyCount "120"]
[EventDate "2023.05.27"]
[EventType "swiss"]
[EventRounds "9"]
[EventCountry "GER"]
[SourceTitle "CBM 214 Extra"]
[Source "ChessBase"]
[SourceDate "2023.07.31"]
[SourceVersion "1"]
[SourceVersionDate "2023.07.31"]
[SourceQuality "1"]

1. d4 Nf6 2. c4 e6 3. Nf3 Bb4+ 4. Bd2 Be7 5. Nc3 d5 6. e3 0-0 7. Bd3 Nbd7 8. 0-0 c5 9. Qc2 cxd4 10. exd4 dxc4 11. Bxc4 h6 12. Rad1 Nb6 13. Bb3 Bd7 14. Ne5 Be8 15. Be3 Nbd5 16. Qe2 Rc8 17. Rc1 Nxc3 18. Rxc3 Rxc3 19. bxc3 Nd5 20. Bd2 f6 21. Ng4 Bf7 22. Nxh6+ gxh6 23. Qg4+ Kh7 24. Qh3 h5 25. c4 Nb6 26. Qe3 Re8 27. d5 Bf8 28. Qd4 exd5 29. Bc2+ Bg6 30. Bxg6+ Kxg6 31. Qd3+ Kg7 32. Qg3+ Kf7 33. Qd3 Bg7 34. Qf3 Nxc4 35. Qxh5+ Kg8 36. Bh6 Bxh6 37. Qxh6 Qe7 38. Qg6+ Kf8 39. Qh5 Qf7 40. Qh8+ Ke7 41. Re1+ Kd7 42. Qh3+ Kc6 43. Rc1 Qe6 44. Qc3 Kc7 45. h3 Kb8 46. Rb1 Qc6 47. Qg3+ Ka8 48. Qd3 a6 49. Qc3 Rd8 50. Qd4 Na3 51. Rb6 Qc1+ 52. Kh2 Qc7+ 53. Kg1 Nb5 54. Qxf6 d4 55. Re6 d3 56. Re1 d2 57. Rd1 Nc3 58. Rxd2 Rxd2 59. Qh8+ Ka7 60. Qh5 Rd1+ 0-1

[Event "GER-ch U12"]
[Site "Willingen"]
[Date "2023.05.28"]
[Round "1"]
[White "Vartanian, Roman"]
[Black "Berndt, Ronson"]
[Result "1-0"]
[WhiteElo "1619"]
[BlackElo "1475"]
[PlyCount "125"]
[EventDate "2023.05.27"]
[EventType "swiss"]
[EventRounds "9"]
[EventCountry "GER"]
[SourceTitle "CBM 214 Extra"]
[Source "ChessBase"]
[SourceDate "2023.07.31"]
[SourceVersion "1"]
[SourceVersionDate "2023.07.31"]
[SourceQuality "1"]

1. Nf3 d5 2. d4 Nf6 3. e3 Bf5 4. c4 e6 5. Nc3 c6 6. Be2 Bd6 7. 0-0 0-0 8. Qb3 Qc7 9. Bd2 Ne4 10. h3 Nd7 11. Rac1 Nxd2 12. Nxd2 Nf6 13. cxd5 exd5 14. Bf3 Qd7 15. Rfd1 Bxh3 16. gxh3 Qxh3 17. Bg2 Qd7 18. Na4 Rfe8 19. Nc5 Bxc5 20. Rxc5 Qg4 21. Rcc1 Rab8 22. Qd3 Re6 23. f3 Qg5 24. Nf1 Nh5 25. Qd2 Rg6 26. Qf2 Nf6 27. Rc2 h5 28. Kh2 h4 29. Bh3 Nh5 30. f4 Qf6 31. Qf3 Ng3 32. Nxg3 Rxg3 33. Qf2 Re8 34. Re2 g5 35. Rf1 g4 36. Bg2 Rf3 37. Qg1 Rxf1 38. Bxf1 Qg6 39. Rg2 f5 40. Re2 g3+ 41. Kg2 Qg4 42. Qh1 Re7 43. Re1 Rh7 44. Qh3 Qg6 45. Bd3 Rh5 46. b4 Kf7 47. b5 Kf6 48. bxc6 bxc6 49. Rc1 Qe8 50. Kf3 Qe6 51. Qg2 Ke7 52. Qh3 Kd6 53. Bf1 Qe4+ 54. Ke2 Rh8 55. Bg2 Qe6 56. Qh1 Re8 57. Rc3 Qf6 58. Qc1 Kd7 59. Qb1 Rc8 60. Bh3 Ke6 61. Qb7 Qd8 62. Rxc6+ Rxc6 63. Qxc6+ 1-0

[Event "GER-ch U10"]
[Site "Willingen"]
[Date "2022.06.10"]
[Round "9"]
[White "Wolf, Noah"]
[Black "Vartanian, Roman"]
[Result "0-1"]
[WhiteElo "1073"]
[BlackElo "1511"]
[PlyCount "60"]
[EventDate "2022.06.04"]
[EventType "swiss"]
[EventRounds "11"]
[EventCountry "GER"]
[SourceTitle "CBM 208 Extra"]
[Source "ChessBase"]
[SourceDate "2022.07.31"]
[SourceVersion "1"]
[SourceVersionDate "2022.07.31"]
[SourceQuality "1"]

1. e4 c5 2. Nf3 d6 3. c3 Nf6 4. h3 a6 5. a3 Nbd7 6. Bd3 e6 7. 0-0 Be7 8. Bc2 Qc7 9. d4 cxd4 10. cxd4 b6 11. Re1 Bb7 12. Qd3 Rd8 13. Bg5 e5 14. Nbd2 0-0 15. Rac1 Qb8 16. Nf1 Rfe8 17. Ng3 exd4 18. e5 Nc5 19. Qxd4 dxe5 20. Qxe5 Bd6 21. Qf5 Bc8 22. Rxe8+ Rxe8 23. Rd1 Bxf5 24. Nxf5 Be5 25. Nxe5 Qxe5 26. Bxf6 Qxf6 27. Rd6 Qxb2 28. Bd1 g6 29. Ne3 Ne4 30. Rd3 Qxf2+ 0-1